| 000 | 00724nam a2200229 i 4500 | ||
|---|---|---|---|
| 003 | DO-SdBNP | ||
| 005 | 20251127082331.0 | ||
| 007 | ta | ||
| 008 | 240409s1995 xxu 001 0dspa d | ||
| 040 |
_aDO-SdBNP _bspa _cBNPHU _erda |
||
| 082 | 4 |
_bM533 _222 |
|
| 245 | 1 | 4 | _aMemorias del segundo seminario sobre género y vejez en la República Dominicana condición social de la población vieja |
| 264 |
_aSanto Domingo : _bApoyo aquelarre,, _c1995 |
||
| 300 |
_a74 páginas _c22 cm. |
||
| 336 |
_2rdacontent _atexto _btxt |
||
| 337 |
_2rdamedia _asin mediación _bn |
||
| 338 |
_2rdacarrier _avolumen _bnc |
||
| 590 | _aInventariado, 2024/ DG | ||
| 650 | 0 |
_aParticipación social _977777 |
|
| 910 | _aDG | ||
| 942 |
_2ddc _cLBS1 |
||
| 999 |
_c56307 _d56307 |
||